[Event "Heusenstamm Schloss op"]
[Site "Heusenstamm"]
[Date "2022.11.20"]
[Round "7"]
[White "Simukov, Erik"]
[Black "Roensch, Andreas"]
[Result "1-0"]
[WhiteElo "2000"]
[BlackElo "1935"]
[PlyCount "35"]
[EventDate "2022.11.17"]
[EventType "swiss"]
[EventRounds "7"]
[EventCountry "GER"]
[SourceTitle "CBM 212 Extra"]
[Source "ChessBase"]
[SourceDate "2023.03.31"]
[SourceVersion "1"]
[SourceVersionDate "2023.03.31"]
[SourceQuality "1"]

1. e4 e5 2. Nf3 Nc6 3. Bb5 f5 4. Nc3 fxe4 5. Nxe4 d5 6. Nxe5 dxe4 7. Nxc6 Qg5 8. Qe2 Nf6 9. f4 Qxf4 10. Nxa7+ Kd8 11. Nxc8 Kxc8 12. d4 Qh4+ 13. g3 Qh3 14. Bf4 Qf5 15. Qc4 Nd5 16. 0-0 Nxf4 17. Rxf4 Qg6 18. Re1 1-0

[Event "Heusenstamm Schloss op"]
[Site "Heusenstamm"]
[Date "2022.11.18"]
[Round "3"]
[White "Reschke, Thomas"]
[Black "Roensch, Andreas"]
[Result "1/2-1/2"]
[WhiteElo "2143"]
[BlackElo "1935"]
[PlyCount "45"]
[EventDate "2022.11.17"]
[EventType "swiss"]
[EventRounds "7"]
[EventCountry "GER"]
[SourceTitle "CBM 212 Extra"]
[Source "ChessBase"]
[SourceDate "2023.03.31"]
[SourceVersion "1"]
[SourceVersionDate "2023.03.31"]
[SourceQuality "1"]

1. c4 Nf6 2. g3 g6 3. Bg2 Bg7 4. Nc3 0-0 5. e4 d6 6. Nge2 Nbd7 7. d3 c5 8. 0-0 a6 9. h3 Rb8 10. a4 Ne5 11. Be3 Bd7 12. Rb1 h6 13. b4 cxb4 14. Rxb4 Nc6 15. Rb1 e6 16. Qd2 Kh7 17. Kh2 Bc8 18. Bb6 Qe7 19. Be3 Qd8 20. f4 Nd7 21. f5 Nde5 22. g4 Qh4 23. Kg1 1/2-1/2

[Event "Heusenstamm Schloss op"]
[Site "Heusenstamm"]
[Date "2022.11.18"]
[Round "2"]
[White "Roensch, Andreas"]
[Black "Kocharin, Timur"]
[Result "1/2-1/2"]
[WhiteElo "1935"]
[BlackElo "2103"]
[PlyCount "58"]
[EventDate "2022.11.17"]
[EventType "swiss"]
[EventRounds "7"]
[EventCountry "GER"]
[SourceTitle "CBM 212 Extra"]
[Source "ChessBase"]
[SourceDate "2023.03.31"]
[SourceVersion "1"]
[SourceVersionDate "2023.03.31"]
[SourceQuality "1"]

1. e4 c5 2. Nf3 Nc6 3. d4 cxd4 4. Nxd4 g6 5. Nc3 Bg7 6. Be3 Nf6 7. Nxc6 bxc6 8. e5 Ng8 9. f4 Nh6 10. Qf3 0-0 11. 0-0-0 d5 12. h3 f6 13. exf6 exf6 14. Bc4 Bb7 15. Rhe1 Qa5 16. Bb3 Nf5 17. Bf2 Rfe8 18. Na4 Rxe1 19. Rxe1 Nd4 20. Qc3 Qxc3 21. Nxc3 Nxb3+ 22. axb3 Bh6 23. g3 Bf8 24. Na4 Bc8 25. h4 Kf7 26. Bc5 Bf5 27. Kd2 h6 28. Bxf8 Rxf8 29. Nc5 Rc8 1/2-1/2

[Event "Main Vogelsberg op 15th"]
[Site "Waechtersbach"]
[Date "2021.10.02"]
[Round "2.3"]
[White "Sever, Mustafa Batuhan"]
[Black "Roensch, Andreas"]
[Result "1/2-1/2"]
[WhiteElo "2148"]
[BlackElo "1845"]
[PlyCount "89"]
[EventDate "2021.10.01"]
[EventType "swiss"]
[EventRounds "5"]
[EventCountry "GER"]
[SourceTitle "EXT 2023"]
[Source "ChessBase"]
[SourceDate "2022.10.05"]
[SourceVersion "1"]
[SourceVersionDate "2022.10.05"]
[SourceQuality "1"]

1. e4 e5 2. Nf3 Nc6 3. Bc4 Bc5 4. c3 Nf6 5. d3 a6 6. 0-0 d6 7. Bb3 Ba7 8. Nbd2 Bg4 9. Nc4 Qd7 10. a4 0-0 11. h3 Be6 12. Qe2 b5 13. Ncd2 Nh5 14. Nh4 Ng3 15. Qf3 Nxf1 16. Kxf1 Bxb3 17. Nxb3 bxa4 18. Rxa4 Nd4 19. Rxd4 exd4 20. Nf5 Qe6 21. Nbxd4 Bxd4 22. cxd4 g6 23. d5 Qd7 24. Bh6 f6 25. Ne3 Rf7 26. g4 Rb8 27. Qe2 c6 28. Kg2 cxd5 29. Nxd5 Rb5 30. Nc3 Ra5 31. Be3 Qb7 32. f3 f5 33. exf5 gxf5 34. Bd4 Re7 35. Qd2 fxg4 36. hxg4 Rf7 37. Ne4 Rb5 38. Kg3 Qe7 39. Qh6 Rd5 40. Bf6 Rxf6 41. Nxf6+ Kf7 42. Nxd5 Qe1+ 43. Kg2 Qe2+ 44. Kg3 Qe1+ 45. Kg2 1/2-1/2